[Event "Titled Tuesday intern op 16th Apr Late"]
[Site "Chess.com INT"]
[Date "2024.04.16"]
[Round "1"]
[White "Cremisi, Daniel Josef"]
[Black "Shtivelband, Richard"]
[Result "1/2-1/2"]
[WhiteElo "2170"]
[BlackElo "2031"]
[PlyCount "82"]
[EventDate "2024.04.16"]
[EventType "swiss (blitz)"]
[EventRounds "11"]
[EventCountry "USA"]
[SourceTitle "CB17_2024"]
[SourceDate "2024.04.24"]
[SourceVersion "1"]
[SourceVersionDate "2024.04.24"]
[SourceQuality "1"]

1. d4 d5 2. c4 e6 3. Nc3 a6 4. cxd5 exd5 5. Bf4 Nf6 6. e3 Bd6 7. Bxd6 Qxd6 8. Rc1 0-0 9. Nf3 Bg4 10. Be2 Nbd7 11. 0-0 Rfe8 12. a3 Ne4 13. Nxe4 dxe4 14. Nd2 Bxe2 15. Qxe2 c5 16. Nc4 Qe7 17. Rfd1 cxd4 18. Rxd4 Nf6 19. Rcd1 Red8 20. h3 Rxd4 21. Rxd4 Rd8 22. Qd2 Rxd4 23. Qxd4 h6 24. Qd6 Qe8 25. Qc7 Qb5 26. Nd6 Qxb2 27. Qxf7+ Kh7 28. Nf5 Qa1+ 29. Kh2 Qe5+ 30. Ng3 h5 31. Kg1 h4 32. Nf1 b5 33. Qb7 a5 34. Nd2 Qa1+ 35. Kh2 Qb2 36. Nc4 Qxf2 37. Qxb5 Qg3+ 38. Kg1 Qe1+ 39. Kh2 Qg3+ 40. Kh1 Qe1+ 41. Kh2 Qg3+ 1/2-1/2

[Event "Titled Tuesday intern op 02nd Apr Late"]
[Site "Chess.com INT"]
[Date "2024.04.02"]
[Round "4"]
[White "Shtivelband, Richard"]
[Black "Varela la Madrid, Maria"]
[Result "1-0"]
[WhiteElo "2031"]
[BlackElo "1981"]
[PlyCount "47"]
[EventDate "2024.04.02"]
[EventType "swiss (blitz)"]
[EventRounds "11"]
[EventCountry "USA"]
[SourceTitle "CB15_2024"]
[SourceDate "2024.04.10"]
[SourceVersion "1"]
[SourceVersionDate "2024.04.10"]
[SourceQuality "1"]

1. d4 d5 2. c4 e6 3. Nf3 Nf6 4. g3 Be7 5. Bg2 0-0 6. 0-0 c6 7. Qc2 Ne4 8. Ne5 f6 9. Nd3 dxc4 10. Bxe4 cxd3 11. Qxd3 f5 12. Bg2 Bf6 13. Rd1 Nd7 14. Nc3 Qe7 15. e4 e5 16. d5 fxe4 17. Bxe4 g6 18. dxc6 bxc6 19. Bxc6 Rb8 20. Bxd7 Rd8 21. Qc4+ Kg7 22. Bxc8 Rbxc8 23. Qe2 e4 24. Be3 1-0

[Event "Titled Tuesday intern op 16th May Late"]
[Site "Chess.com INT"]
[Date "2023.05.16"]
[Round "4"]
[White "Dyachuk, Artem"]
[Black "Shtivelband, Richard"]
[Result "1-0"]
[WhiteElo "2312"]
[BlackElo "2050"]
[PlyCount "53"]
[EventDate "2023.05.16"]
[EventType "swiss (blitz)"]
[EventRounds "11"]
[EventCountry "USA"]
[SourceTitle "CBM 214 Extra"]
[Source "ChessBase"]
[SourceDate "2023.07.31"]
[SourceVersion "1"]
[SourceVersionDate "2023.07.31"]
[SourceQuality "1"]

1. Nf3 Nf6 2. b3 g6 3. Bb2 Bg7 4. e3 0-0 5. d4 d6 6. Be2 Nbd7 7. 0-0 e5 8. dxe5 Ng4 9. c4 Ngxe5 10. Nxe5 Nxe5 11. Nc3 Bd7 12. Qd2 Bc6 13. Nd5 Re8 14. e4 Bxd5 15. cxd5 c5 16. dxc6 bxc6 17. f4 Qb6+ 18. Kh1 Nd7 19. Bxg7 Kxg7 20. Qxd6 Nf6 21. Bf3 Nxe4 22. Bxe4 Rxe4 23. f5 Rd8 24. Qg3 Re2 25. fxg6 hxg6 26. Qf3 Re7 27. Qf6+ 1-0

[Event "Titled Tuesday intern op 25th Apr Early"]
[Site "Chess.com INT"]
[Date "2023.04.25"]
[Round "3"]
[White "Shtivelband, Richard"]
[Black "Goncharov, Vladimir"]
[Result "0-1"]
[WhiteElo "2050"]
[BlackElo "2077"]
[PlyCount "62"]
[EventDate "2023.04.25"]
[EventType "swiss (blitz)"]
[EventRounds "11"]
[EventCountry "USA"]
[SourceTitle "EXT 2024"]
[Source "ChessBase"]
[SourceDate "2023.10.10"]
[SourceVersion "1"]
[SourceVersionDate "2023.10.10"]
[SourceQuality "1"]

1. d4 Nf6 2. c4 c5 3. d5 e6 4. Nc3 exd5 5. cxd5 d6 6. f3 g6 7. Bf4 a6 8. a4 Bg7 9. Qd2 0-0 10. e4 Re8 11. Bd3 Qe7 12. Nge2 Nbd7 13. 0-0 Ne5 14. a5 Nxd3 15. Qxd3 Nd7 16. Rae1 Rb8 17. g4 b6 18. axb6 Rxb6 19. Qc2 a5 20. Bg3 Ba6 21. Ra1 Ne5 22. Rxa5 Bd3 23. Qa4 Rxb2 24. Ra7 Qd8 25. Nf4 Bxf1 26. Kxf1 Nxf3 27. Nb5 Nd2+ 28. Kg1 Nxe4 29. Nc7 Bd4+ 30. Kh1 Nxg3+ 31. hxg3 Re1# 0-1

[Event "Titled Tuesday intern op 23rd Aug Late"]
[Site "Chess.com INT"]
[Date "2022.08.23"]
[Round "3"]
[White "Shtivelband, Richard"]
[Black "Roque Sola, Jose Luis"]
[Result "1-0"]
[WhiteElo "2050"]
[BlackElo "2171"]
[PlyCount "25"]
[EventDate "2022.08.23"]
[EventType "swiss (blitz)"]
[EventRounds "11"]
[EventCountry "USA"]
[SourceTitle "EXT 2023"]
[Source "ChessBase"]
[SourceDate "2022.10.05"]
[SourceVersion "1"]
[SourceVersionDate "2022.10.05"]
[SourceQuality "1"]

1. e4 e6 2. d4 d5 3. Nc3 Nf6 4. e5 Nfd7 5. f4 c5 6. Nf3 Nc6 7. Be3 a6 8. Qd2 b5 9. a3 Qb6 10. dxc5 Nxc5 11. Nd4 Bb7 12. b4 Nd7 13. Nxe6 1-0

[Event "Titled Tuesday intern op 23rd Aug Late"]
[Site "Chess.com INT"]
[Date "2022.08.23"]
[Round "5"]
[White "Shtivelband, Richard"]
[Black "Tarnowska, Aleksandra"]
[Result "1-0"]
[WhiteElo "2050"]
[BlackElo "1876"]
[PlyCount "121"]
[EventDate "2022.08.23"]
[EventType "swiss (blitz)"]
[EventRounds "11"]
[EventCountry "USA"]
[SourceTitle "EXT 2023"]
[Source "ChessBase"]
[SourceDate "2022.10.05"]
[SourceVersion "1"]
[SourceVersionDate "2022.10.05"]
[SourceQuality "1"]

1. e4 c5 2. Nf3 e6 3. d4 cxd4 4. Nxd4 a6 5. Bd3 Bc5 6. Nb3 Ba7 7. 0-0 d6 8. c4 Nd7 9. Nc3 Qc7 10. Bf4 Ngf6 11. Rc1 0-0 12. Be2 Ne5 13. Nd4 Ng6 14. Be3 Rd8 15. b3 Bd7 16. Qd2 e5 17. Nf5 Bxe3 18. Nxe3 Bc6 19. Ned5 Bxd5 20. cxd5 Qa5 21. f3 b5 22. a4 bxa4 23. bxa4 Rac8 24. Qe3 Qb4 25. Rc2 Nf4 26. Rfc1 Nxe2+ 27. Qxe2 a5 28. Qb5 Qxb5 29. Nxb5 Rxc2 30. Rxc2 Ne8 31. Rc6 Ra8 32. Nxd6 Nxd6 33. Rxd6 Kf8 34. Rd7 Ke8 35. Rb7 Rc8 36. Ra7 Rc5 37. Kf2 g6 38. Kg3 h6 39. h4 h5 40. Kf2 Kf8 41. Ke3 Rc3+ 42. Kd2 Rc5 43. Kd3 f5 44. Rb7 fxe4+ 45. Kxe4 Rc1 46. Kxe5 Re1+ 47. Kf6 Ke8 48. d6 Rd1 49. d7+ Kd8 50. Kxg6 Rd6+ 51. Kxh5 Rd5+ 52. Kg4 Rd4+ 53. f4 Rxa4 54. h5 Ra2 55. g3 a4 56. Ra7 a3 57. h6 Rh2 58. Rxa3 Rxh6 59. Rd3 Rh7 60. Kf5 Rg7 61. Kf6 1-0

[Event "Titled Tuesday intern op 27th July"]
[Site "Chess.com INT"]
[Date "2021.07.27"]
[Round "4"]
[White "Shtivelband, Richard"]
[Black "Demeter, Dorina"]
[Result "1-0"]
[WhiteElo "2078"]
[BlackElo "2039"]
[PlyCount "93"]
[EventDate "2021.07.27"]
[EventType "swiss (blitz)"]
[EventRounds "11"]
[EventCountry "USA"]
[SourceTitle "CBM 203 Extra"]
[Source "ChessBase"]
[SourceDate "2021.09.30"]
[SourceVersion "1"]
[SourceVersionDate "2021.09.30"]
[SourceQuality "1"]

1. e4 e5 2. Nf3 Nc6 3. Bb5 a6 4. Bxc6 dxc6 5. 0-0 Bd6 6. d3 Nf6 7. Nbd2 0-0 8. Nc4 Bg4 9. h3 Bh5 10. g4 Bg6 11. Ncxe5 Qe7 12. Nxg6 fxg6 13. e5 Bxe5 14. Re1 Nd7 15. d4 Qf7 16. dxe5 Qxf3 17. Qxf3 Rxf3 18. Kg2 Raf8 19. Be3 Nxe5 20. Bc5 Re8 21. Bd4 Ref8 22. Rxe5 R8f4 23. Be3 Rf8 24. Rd1 h5 25. Re7 hxg4 26. hxg4 g5 27. Rdd7 R3f7 28. Rxf7 Rxf7 29. Rxf7 Kxf7 30. Bxg5 Kg6 31. Bf4 b5 32. Bxc7 c5 33. Kg3 c4 34. Ba5 Kf6 35. f4 Ke6 36. f5+ Kf7 37. Kf4 g6 38. Kg5 gxf5 39. gxf5 Ke8 40. Kg6 c3 41. Bxc3 b4 42. Bxb4 a5 43. Bxa5 Kf8 44. Bb4+ Kg8 45. f6 Kh8 46. a4 Kg8 47. f7+ 1-0

[Event "Titled Tuesday intern op 20th July"]
[Site "Chess.com INT"]
[Date "2021.07.20"]
[Round "4"]
[White "Bonte, Andrei Mihai"]
[Black "Shtivelband, Richard"]
[Result "0-1"]
[WhiteElo "2313"]
[BlackElo "2078"]
[PlyCount "66"]
[EventDate "2021.07.20"]
[EventType "swiss (blitz)"]
[EventRounds "11"]
[EventCountry "USA"]
[SourceTitle "CBM 203 Extra"]
[Source "ChessBase"]
[SourceDate "2021.09.30"]
[SourceVersion "1"]
[SourceVersionDate "2021.09.30"]
[SourceQuality "1"]

1. d4 Nf6 2. c4 e6 3. Nc3 Bb4 4. e3 c5 5. Nge2 cxd4 6. exd4 0-0 7. a3 Bxc3+ 8. Nxc3 d5 9. c5 Nc6 10. b4 e5 11. dxe5 Nxe5 12. Bb5 d4 13. Ne2 d3 14. Ng3 Qd4 15. Be3 Qc3+ 16. Bd2 Qd4 17. 0-0 Bg4 18. Qb3 Rad8 19. Rfe1 Nc6 20. Re3 a6 21. Bc3 Qf4 22. Bxd3 Nd5 23. Re4 Qg5 24. Rae1 Nxc3 25. Qxc3 f5 26. Bc4+ Kh8 27. R4e3 f4 28. Ne4 Qh6 29. Rd3 Rxd3 30. Qxd3 f3 31. Nd6 Qf6 32. h3 fxg2 33. Qg3 Bf3 0-1

[Event "Titled Tuesday intern op 20th July"]
[Site "Chess.com INT"]
[Date "2021.07.20"]
[Round "3"]
[White "Shtivelband, Richard"]
[Black "Ozen, Bahadir"]
[Result "0-1"]
[WhiteElo "2078"]
[BlackElo "2369"]
[PlyCount "70"]
[EventDate "2021.07.20"]
[EventType "swiss (blitz)"]
[EventRounds "11"]
[EventCountry "USA"]
[SourceTitle "CBM 203 Extra"]
[Source "ChessBase"]
[SourceDate "2021.09.30"]
[SourceVersion "1"]
[SourceVersionDate "2021.09.30"]
[SourceQuality "1"]

1. e4 c6 2. d4 d5 3. e5 Bf5 4. Nf3 e6 5. Be2 Ne7 6. 0-0 Nc8 7. a4 Be7 8. Nbd2 0-0 9. Nb3 Nd7 10. Be3 Qc7 11. a5 a6 12. c4 dxc4 13. Bxc4 Na7 14. Rc1 Qd8 15. h3 Nb5 16. Qd2 h6 17. Rfd1 Re8 18. Bd3 Bxd3 19. Qxd3 Nf8 20. Nc5 Bxc5 21. Rxc5 Qxa5 22. Qe4 Ng6 23. Qg4 Kh8 24. h4 Qc7 25. h5 Ne7 26. Qe4 Qd7 27. g4 Rg8 28. Kh2 b6 29. Rcc1 Raf8 30. Rg1 Qd5 31. Qf4 f6 32. Qg3 Kh7 33. Nh4 Nxd4 34. Bxd4 Qxd4 35. Rxc6 Nxc6 0-1

[Event "Titled Tuesday intern op 06th July"]
[Site "Chess.com INT"]
[Date "2021.07.06"]
[Round "11"]
[White "Necula, Iulian"]
[Black "Shtivelband, Richard"]
[Result "0-1"]
[WhiteElo "1890"]
[BlackElo "2078"]
[PlyCount "102"]
[EventDate "2021.07.06"]
[EventType "swiss (blitz)"]
[EventRounds "11"]
[EventCountry "USA"]
[SourceTitle "EXT 2022"]
[Source "ChessBase"]
[SourceDate "2021.10.06"]
[SourceVersion "1"]
[SourceVersionDate "2021.10.06"]
[SourceQuality "1"]

1. f4 d5 2. Nf3 Nf6 3. g3 c5 4. Bg2 Nc6 5. 0-0 Qc7 6. d3 e5 7. c3 e4 8. dxe4 dxe4 9. Ng5 Bf5 10. e3 Rd8 11. Qb3 h6 12. Nh3 Be7 13. Nf2 0-0 14. Na3 a6 15. Nc4 b5 16. Nd2 c4 17. Qc2 Bc5 18. Ndxe4 Nxe4 19. Bxe4 Bxe4 20. Nxe4 Ba7 21. Nf2 Rfe8 22. e4 Qb7 23. e5 Ne7 24. b3 Nd5 25. Bd2 Rc8 26. b4 f6 27. Rae1 fxe5 28. fxe5 Rf8 29. Qe4 Rc7 30. Bf4 Nxf4 31. gxf4 Qxe4 32. Rxe4 Rcf7 33. Kg2 Rxf4 34. Rxf4 Rxf4 35. e6 Rxf2+ 36. Rxf2 Bxf2 37. Kxf2 Kf8 38. Ke3 Ke7 39. Kd4 Kxe6 40. Kc5 g5 41. Kb6 h5 42. Kxa6 g4 43. Kxb5 h4 44. Kxc4 g3 45. hxg3 h3 46. b5 h2 47. b6 h1Q 48. Kb5 Kd6 49. c4 Qb1+ 50. Ka6 Kc6 51. c5 Qxa2# 0-1

[Event "Titled Tuesday intern op 19th May"]
[Site "Chess.com INT"]
[Date "2020.05.19"]
[Round "6"]
[White "Shtivelband, Richard"]
[Black "Chylewski, Patryk"]
[Result "0-1"]
[WhiteElo "2078"]
[BlackElo "2344"]
[PlyCount "66"]
[EventDate "2020.05.19"]
[EventType "swiss (blitz)"]
[EventRounds "10"]
[EventCountry "USA"]
[SourceTitle "EXT 2021"]
[Source "ChessBase"]
[SourceDate "2020.10.23"]
[SourceVersion "1"]
[SourceVersionDate "2020.10.23"]
[SourceQuality "1"]

1. e4 c5 2. Nf3 e6 3. d4 cxd4 4. Nxd4 Nc6 5. Nc3 Qc7 6. Be2 a6 7. 0-0 Nf6 8. Be3 Bb4 9. Na4 0-0 10. c4 Nxe4 11. Bf3 f5 12. Bxe4 fxe4 13. c5 Ba5 14. a3 Qe5 15. Nxc6 bxc6 16. Bd4 Qf4 17. b4 Bc7 18. g3 Qf3 19. Re1 a5 20. Nb6 Bxb6 21. cxb6 d6 22. bxa5 Rxa5 23. Qd2 Rxa3 24. Rxa3 Qxa3 25. Rxe4 e5 26. Be3 d5 27. Rh4 Bf5 28. Qc1 Qxc1+ 29. Bxc1 d4 30. Ba3 d3 31. Kf1 Rd8 32. Ke1 d2+ 33. Kd1 Bc2+ 0-1

[Event "Denver op"]
[Site "Denver"]
[Date "2019.04.27"]
[Round "2"]
[White "Gorovets, Andrey"]
[Black "Shtivelband, Richard"]
[Result "1-0"]
[WhiteElo "2492"]
[BlackElo "2093"]
[PlyCount "41"]
[EventDate "2019.04.26"]
[EventType "swiss"]
[EventRounds "5"]
[EventCountry "USA"]
[SourceTitle "CBM 190 Extra"]
[Source "ChessBase"]
[SourceDate "2019.07.15"]
[SourceVersion "1"]
[SourceVersionDate "2019.07.15"]
[SourceQuality "1"]

1. d4 d5 2. c4 c6 3. cxd5 cxd5 4. Nf3 Nc6 5. Nc3 Nf6 6. Bf4 a6 7. Ne5 Qb6 8. Nxc6 bxc6 9. Qd2 e6 10. e3 Bb4 11. Bd3 a5 12. a3 Be7 13. Na4 Qb3 14. Qc3 Qxa4 15. b3 Bxa3 16. Bd6 c5 17. Bxc5 Qc6 18. Rxa3 a4 19. 0-0 Ba6 20. Rxa4 Ne4 21. Qa1 1-0

[Event "Colorado-ch"]
[Site "Lone Tree"]
[Date "2019.04.??"]
[Round "4"]
[White "Lapid, Lior"]
[Black "Shtivelband, Richard"]
[Result "1-0"]
[WhiteElo "2171"]
[BlackElo "2093"]
[PlyCount "49"]
[EventDate "2019.04.05"]
[EventType "tourn"]
[EventRounds "5"]
[EventCountry "USA"]
[SourceTitle "EXT 2020"]
[Source "ChessBase"]
[SourceDate "2019.10.17"]
[SourceVersion "1"]
[SourceVersionDate "2019.10.17"]
[SourceQuality "1"]

1. d4 d5 2. c4 c6 3. cxd5 cxd5 4. Bf4 Nf6 5. Nc3 a6 6. e3 Nc6 7. Bd3 Bg4 8. Nge2 e6 9. 0-0 Bd6 10. f3 Bh5 11. Rc1 Bg6 12. Na4 e5 13. dxe5 Nxe5 14. Bxg6 Nxg6 15. Bxd6 Qxd6 16. Nc5 0-0 17. Nxb7 Qe7 18. Nc5 Qxe3+ 19. Kh1 Rfe8 20. Re1 Nh4 21. Qd4 Qg5 22. Qf2 Qd2 23. Rcd1 Qxb2 24. Nd3 Qxa2 25. Ndc1 1-0

[Event "Edward Lasker Memorial 100th"]
[Site "New York"]
[Date "2016.12.10"]
[Round "3"]
[White "Shtivelband, Richard"]
[Black "Checa, Nicolas D"]
[Result "1-0"]
[WhiteElo "2135"]
[BlackElo "2428"]
[PlyCount "85"]
[EventDate "2016.12.09"]
[EventType "swiss"]
[EventRounds "9"]
[EventCountry "USA"]
[SourceTitle "EXT 2018"]
[Source "ChessBase"]
[SourceDate "2017.10.13"]
[SourceVersion "1"]
[SourceVersionDate "2017.10.13"]
[SourceQuality "1"]

1. e4 e6 2. d4 d5 3. Nc3 Bb4 4. e5 Ne7 5. a3 Bxc3+ 6. bxc3 c5 7. Qg4 cxd4 8. Qxg7 Rg8 9. Qxh7 Qc7 10. Ne2 Nbc6 11. f4 dxc3 12. Qd3 d4 13. Ng3 Bd7 14. Ne4 0-0-0 15. Nd6+ Kb8 16. Rb1 Bc8 17. Nxf7 Rdf8 18. Nd6 Nf5 19. Nxc8 Qxc8 20. g3 Nce7 21. Bg2 Nd5 22. 0-0 Rg7 23. Be4 Nde3 24. Bxe3 Nxe3 25. Rf3 Rd8 26. Rb4 Rgd7 27. f5 exf5 28. Bxf5 Qc6 29. Be4 Qh6 30. Rf6 Qg7 31. Rb1 Nd5 32. Qxd4 Qh8 33. Bxd5 Rxd5 34. Qe3 Rd2 35. h4 Qg7 36. Qf3 Qc7 37. Rf7 Qc5+ 38. Kh1 R8d7 39. Rxb7+ Kc8 40. Rbxd7 Rxd7 41. Rxd7 Kxd7 42. Qd3+ Ke7 43. Qd6+ 1-0